| 000 | 00654nam a2200217Ia 4500 | ||
|---|---|---|---|
| 003 | OSt | ||
| 005 | 20240513093942.0 | ||
| 008 | 210716s1967 xx 000 0 und d | ||
| 040 | _cAIMIT LIBRARY | ||
| 041 | _aeng | ||
| 082 |
_a374.22 _21 _bMCLM |
||
| 100 |
_aMcluhan, Marshall. _9164147 |
||
| 245 |
_aMedium is the massage : _binventory of effects / _cBy Marshall Mcluhan and Quentin Fiore. |
||
| 250 | _a1st ed. | ||
| 260 |
_aNew York : _bBantam books , _c1967. |
||
| 300 |
_a159p. ; _bPB _c17.7 cm |
||
| 650 |
_aYour family _9164148 |
||
| 650 |
_aYour education _9164149 |
||
| 650 |
_aYour government _9164150 |
||
| 942 |
_2ddc _cBK _e1st _k374.22 MCLM |
||
| 999 |
_c198325 _d198325 |
||